[Event "FIDE World Uni Blitz-C 1st"]
[Site "Tornelo INT"]
[Date "2021.03.13"]
[Round "2.30"]
[White "Porras Romero, Kenneth"]
[Black "Jacutina, John Merill"]
[Result "0-1"]
[WhiteElo "1745"]
[BlackElo "2254"]
[PlyCount "44"]
[EventDate "2021.03.13"]
[EventType "swiss (blitz)"]
[EventRounds "10"]
[EventCountry "NET"]
[SourceTitle "EXT 2022"]
[Source "ChessBase"]
[SourceDate "2021.10.06"]
[SourceVersion "1"]
[SourceVersionDate "2021.10.06"]
[SourceQuality "1"]

1. e4 d5 2. Nf3 dxe4 3. Ng5 e5 4. Nxe4 f5 5. Ng3 Nf6 6. Bc4 Bd6 7. Nc3 Nc6 8. d3 Qe7 9. 0-0 Be6 10. Bxe6 Qxe6 11. Re1 0-0 12. d4 Nxd4 13. Qxd4 exd4 14. Rxe6 dxc3 15. bxc3 Rae8 16. Rxe8 Rxe8 17. Bg5 Ne4 18. Nxe4 Rxe4 19. Kf1 Kf7 20. Rd1 h6 21. Be3 a6 22. Bd4 g5 0-1

[Event "Kuala Lumpur op 16th"]
[Site "Kuala Lumpur"]
[Date "2019.08.13"]
[Round "2"]
[White "Ghaem Maghami, Ehsan"]
[Black "Jacutina, John Merill"]
[Result "1-0"]
[WhiteElo "2539"]
[BlackElo "2270"]
[PlyCount "83"]
[EventDate "2019.08.12"]
[EventType "swiss"]
[EventRounds "9"]
[EventCountry "MAS"]
[SourceTitle "EXT 2020"]
[Source "ChessBase"]
[SourceDate "2019.10.17"]
[SourceVersion "1"]
[SourceVersionDate "2019.10.17"]
[SourceQuality "1"]

1. Nf3 Nf6 2. c4 g6 3. Nc3 Bg7 4. e4 d6 5. d4 0-0 6. Be2 e5 7. Be3 Ng4 8. Bg5 f6 9. Bh4 g5 10. Bg3 Nh6 11. 0-0 Nc6 12. dxe5 dxe5 13. h3 Qxd1 14. Rfxd1 Be6 15. Nd5 Rf7 16. b4 a5 17. b5 Nd8 18. c5 c6 19. Nb6 Rb8 20. Nd4 Re7 21. Nb3 cxb5 22. Bxb5 Nhf7 23. Nxa5 Rc7 24. Nb3 Bf8 25. Rac1 Bxb3 26. axb3 Rxc5 27. Rxc5 Bxc5 28. Nd7 Rc8 29. Nxf6+ Kg7 30. Nd5 Bd4 31. Ne7 Rc5 32. Nf5+ Kf6 33. Bc4 Nc6 34. h4 gxh4 35. Bxh4+ Kg6 36. Rd3 Ng5 37. Rg3 h6 38. Nxh6 Kxh6 39. Bxg5+ Kh7 40. Bf6 b5 41. Bg8+ Kh6 42. Bg7+ 1-0

[Event "Asian Continental op 17th"]
[Site "Makati"]
[Date "2018.12.17"]
[Round "8"]
[White "Bersamina, Paulo"]
[Black "Jacutina, John Merill"]
[Result "1-0"]
[WhiteElo "2444"]
[BlackElo "2296"]
[PlyCount "91"]
[EventDate "2018.12.10"]
[EventType "swiss"]
[EventRounds "9"]
[EventCountry "PHI"]
[SourceTitle "CBM 187 Extra"]
[Source "ChessBase"]
[SourceDate "2018.11.04"]
[SourceVersion "1"]
[SourceVersionDate "2018.11.04"]
[SourceQuality "1"]

1. e4 d5 2. exd5 Nf6 3. Nf3 Qxd5 4. Nc3 Qd6 5. d4 a6 6. g3 Bg4 7. Bg2 c6 8. 0-0 e6 9. h3 Bh5 10. Bf4 Qd8 11. g4 Bg6 12. Ne5 Nbd7 13. Qe2 Nxe5 14. dxe5 Nd7 15. Rad1 Be7 16. Ne4 Bxe4 17. Bxe4 Qc7 18. c4 0-0-0 19. Bg2 Nb6 20. Rb1 g5 21. Bg3 Rd4 22. Rfc1 Rhd8 23. b4 c5 24. Qf3 Bf8 25. Kh2 cxb4 26. c5 Nd5 27. a3 Bg7 28. axb4 Nxb4 29. c6 b6 30. Qe2 a5 31. Rb3 Kb8 32. Qb5 R8d5 33. Bxd5 Rxd5 34. Rxb4 axb4 35. Qxb4 Bxe5 36. Qf8+ Qc8 37. Bxe5+ Rxe5 38. c7+ Kb7 39. Qb4 Rd5 40. Kg1 h6 41. Qe4 b5 42. Qb4 f5 43. Qa3 f4 44. Ra1 Kc6 45. Rc1+ Kb6 46. Qc3 1-0

[Event "Asian Continental op 17th"]
[Site "Makati"]
[Date "2018.12.16"]
[Round "7"]
[White "Jacutina, John Merill"]
[Black "Dimakiling, Oliver"]
[Result "1-0"]
[WhiteElo "2296"]
[BlackElo "2434"]
[PlyCount "83"]
[EventDate "2018.12.10"]
[EventType "swiss"]
[EventRounds "9"]
[EventCountry "PHI"]
[SourceTitle "CBM 187 Extra"]
[Source "ChessBase"]
[SourceDate "2018.11.04"]
[SourceVersion "1"]
[SourceVersionDate "2018.11.04"]
[SourceQuality "1"]

1. e4 d5 2. exd5 Qxd5 3. Nc3 Qd8 4. d4 g6 5. Nf3 Bg7 6. Bc4 Nc6 7. d5 Na5 8. Bb5+ c6 9. dxc6 Qxd1+ 10. Nxd1 Nxc6 11. Ne3 Bd7 12. c3 Nf6 13. 0-0 0-0 14. Be2 e5 15. Nc4 e4 16. Nfe5 Nxe5 17. Nxe5 Be6 18. Nc4 Rfd8 19. Na5 Rd7 20. Nb3 Rc8 21. f3 exf3 22. Bxf3 Nd5 23. Rd1 Nxc3 24. Rxd7 Bxd7 25. bxc3 Bxc3 26. Bd2 Bxa1 27. Nxa1 Be6 28. a3 b5 29. Be2 Rc5 30. Kf2 a5 31. Bd3 a4 32. Nc2 g5 33. Ne3 g4 34. Bb4 Rh5 35. Kg3 Bd7 36. Nxg4 Rg5 37. h3 f6 38. Kf4 Kg7 39. Nxf6 Rxg2 40. Nxd7 h5 41. Ne5 Kf6 42. Nf3 1-0

[Event "Bangkok op 17th"]
[Site "Bangkok"]
[Date "2017.04.12"]
[Round "5"]
[White "Jacutina, John Merill"]
[Black "Ravi, Teja Sanka"]
[Result "0-1"]
[WhiteElo "2081"]
[BlackElo "2380"]
[PlyCount "80"]
[EventDate "2017.04.08"]
[EventType "swiss"]
[EventRounds "9"]
[EventCountry "THA"]
[SourceTitle "CBM 177 Extra"]
[Source "ChessBase"]
[SourceDate "2017.04.27"]
[SourceVersion "1"]
[SourceVersionDate "2017.04.27"]
[SourceQuality "1"]

1. e4 c6 2. d4 d5 3. exd5 cxd5 4. c3 Nc6 5. Bf4 Bf5 6. Qb3 Qd7 7. Nf3 e6 8. Bb5 f6 9. Nbd2 Nge7 10. h3 g5 11. Bh2 h5 12. Rg1 h4 13. Nf1 a6 14. Be2 Na5 15. Qd1 Nc4 16. b3 Nd6 17. Ne3 Ne4 18. Rc1 Ng6 19. Nxf5 exf5 20. Nd2 Kf7 21. Nxe4 dxe4 22. Bh5 Rd8 23. g3 Bd6 24. Rg2 hxg3 25. fxg3 f4 26. gxf4 Qxh3 27. Bxg6+ Kxg6 28. Qe2 Qe3 29. fxg5 Qxe2+ 30. Kxe2 Rxh2 31. Rxh2 Bxh2 32. gxf6 Bf4 33. Rf1 Bg5 34. f7 Rf8 35. c4 Rxf7 36. Rxf7 Kxf7 37. b4 Ke6 38. a4 b5 39. cxb5 axb5 40. a5 Bf6 0-1

[Event "Bangkok op 17th"]
[Site "Bangkok"]
[Date "2017.04.09"]
[Round "2"]
[White "Liu, Chang"]
[Black "Jacutina, John Merill"]
[Result "1/2-1/2"]
[WhiteElo "2346"]
[BlackElo "2081"]
[PlyCount "135"]
[EventDate "2017.04.08"]
[EventType "swiss"]
[EventRounds "9"]
[EventCountry "THA"]
[SourceTitle "CBM 177 Extra"]
[Source "ChessBase"]
[SourceDate "2017.04.27"]
[SourceVersion "1"]
[SourceVersionDate "2017.04.27"]
[SourceQuality "1"]

1. e4 d6 2. d4 Nf6 3. Nc3 g6 4. Be3 c6 5. f3 b5 6. Qd2 a6 7. 0-0-0 Bb7 8. g4 Nbd7 9. g5 Ng8 10. h4 h6 11. Bh3 Qc7 12. h5 gxh5 13. Bxd7+ Qxd7 14. Rxh5 0-0-0 15. Nge2 e5 16. gxh6 f6 17. a3 Rh7 18. Ng3 exd4 19. Qxd4 Bxh6 20. Bxh6 Rxh6 21. Rxh6 Nxh6 22. Qxf6 Ng8 23. Qh4 Qe7 24. Qg4+ Kc7 25. Nf5 Qf6 26. Rh1 Qf7 27. Qg7 Rd7 28. Rh7 Qxg7 29. Rxg7 Rxg7 30. Nxg7 Bc8 31. Nh5 Kd7 32. Kd2 Ke7 33. Ke3 Be6 34. Ne2 Kf7 35. Nd4 Bd7 36. c3 Ne7 37. Ng3 c5 38. Ndf5 Nc8 39. Kd3 Be6 40. f4 Bb3 41. Ne2 Be6 42. Ne3 Nb6 43. b4 Na4 44. e5 dxe5 45. fxe5 Ba2 46. Nf4 Bb1+ 47. Kd2 Be4 48. Ng4 Ke7 49. Nf6 Bc6 50. Ng8+ Ke8 51. e6 Kf8 52. Nh6 Ke7 53. Nf7 Kf6 54. Nd8 Ba8 55. Ng6 Kxg6 56. e7 Bc6 57. Nxc6 Kf7 58. Kd3 Ke8 59. bxc5 Nxc5+ 60. Kd4 Na4 61. c4 bxc4 62. Kxc4 Kd7 63. Kb4 Nb6 64. a4 Nd5+ 65. Ka5 Nc3 66. Kb4 Nd5+ 67. Kc5 Nxe7 68. Nxe7 1/2-1/2

[Event "Tagaytay City zt 3.3"]
[Site "Tagaytay City"]
[Date "2017.02.28"]
[Round "4"]
[White "Antonio, Rogelio Jr"]
[Black "Jacutina, John Merill"]
[Result "1-0"]
[WhiteElo "2465"]
[BlackElo "2041"]
[PlyCount "73"]
[EventDate "2017.02.25"]
[EventType "swiss"]
[EventRounds "9"]
[EventCountry "PHI"]
[SourceTitle "CBM 177 Extra"]
[Source "ChessBase"]
[SourceDate "2017.04.27"]
[SourceVersion "1"]
[SourceVersionDate "2017.04.27"]
[SourceQuality "1"]

1. e4 d6 2. d4 Nf6 3. Nc3 g6 4. Nf3 Bg7 5. h3 c6 6. a4 0-0 7. Bf4 e5 8. dxe5 dxe5 9. Qxd8 Rxd8 10. Nxe5 Re8 11. 0-0-0 Nbd7 12. Nxd7 Nxd7 13. f3 Bxc3 14. bxc3 Nc5 15. a5 Na4 16. Kd2 Be6 17. Bg5 b5 18. Bd3 f5 19. Rde1 a6 20. g4 fxe4 21. fxe4 Ra7 22. Bf6 Rd7 23. Ke3 Bf7 24. h4 c5 25. Be2 Nb2 26. h5 Rd6 27. g5 Nc4+ 28. Bxc4 Bxc4 29. hxg6 hxg6 30. Rh8+ Kf7 31. Rh7+ Ke6 32. Rc7 Rd7 33. Rc6+ Rd6 34. Rxc5 Kd7 35. Rh1 Rde6 36. e5 R6e7 37. Kf4 1-0

[Event "Asian Schools-ch U17 12th Blitz"]
[Site "Tehran"]
[Date "2016.07.16"]
[Round "7.1"]
[White "Jacutina, John Merill"]
[Black "Molaei, Mohammadamin"]
[Result "1/2-1/2"]
[WhiteElo "1898"]
[BlackElo "2163"]
[PlyCount "95"]
[EventDate "2016.07.16"]
[EventType "swiss"]
[EventRounds "9"]
[EventCountry "IRI"]
[SourceTitle "EXT 2024"]
[Source "ChessBase"]
[SourceDate "2023.10.10"]
[SourceVersion "1"]
[SourceVersionDate "2023.10.10"]
[SourceQuality "1"]

1. d4 e6 2. c4 b6 3. Nc3 Bb4 4. e3 Bb7 5. Nge2 f5 6. a3 Be7 7. f3 Nf6 8. Nf4 0-0 9. h4 Qe8 10. h5 Bd6 11. h6 g5 12. Nd3 Bg3+ 13. Kd2 f4 14. e4 d5 15. e5 Nfd7 16. cxd5 exd5 17. b4 c5 18. bxc5 bxc5 19. Rb1 Bc6 20. Ne2 Bh4 21. Bb2 c4 22. Nb4 a5 23. Nxc6 Nxc6 24. Bc3 Rb8 25. g3 fxg3 26. Bg2 Qg6 27. Qc2 Qxc2+ 28. Kxc2 Rxb1 29. Rxb1 g4 30. f4 Ne7 31. Rb7 Nb8 32. Bxa5 Nbc6 33. Bb4 Nxb4+ 34. axb4 Nf5 35. Bxd5+ Kh8 36. Kc3 Ne3 37. Be4 g2 38. Rxh7+ Kg8 39. Rg7+ Kh8 40. Bxg2 Be1+ 41. Kb2 Nxg2 42. Rxg4 Ne3 43. Rg7 Ra8 44. d5 Nd1+ 45. Kc2 Ne3+ 46. Kb2 Nd1+ 47. Kc2 Ne3+ 48. Kb2 1/2-1/2

[Event "Asian Schools-ch U17 12th Blitz"]
[Site "Tehran"]
[Date "2016.07.16"]
[Round "8.2"]
[White "Jacutina, John Merill"]
[Black "Omidi, Arya"]
[Result "0-1"]
[WhiteElo "1898"]
[BlackElo "2161"]
[PlyCount "88"]
[EventDate "2016.07.16"]
[EventType "swiss"]
[EventRounds "9"]
[EventCountry "IRI"]
[SourceTitle "EXT 2024"]
[Source "ChessBase"]
[SourceDate "2023.10.10"]
[SourceVersion "1"]
[SourceVersionDate "2023.10.10"]
[SourceQuality "1"]

1. d4 Nf6 2. c4 g6 3. Nc3 d5 4. Nf3 Bg7 5. Qb3 dxc4 6. Qxc4 0-0 7. e4 a6 8. a4 Nbd7 9. Be2 Ne8 10. 0-0 c6 11. e5 Nb6 12. Qb4 a5 13. Qa3 Be6 14. b3 Nd5 15. Ne4 Nb4 16. Bd2 Nc2 17. Qb2 Nxa1 18. Rxa1 Bd5 19. Nc3 Nc7 20. Rd1 Bxf3 21. Bxf3 Qxd4 22. Qc2 Qxe5 23. Ne2 Ne6 24. Be3 Rfd8 25. Rb1 Qc7 26. h4 Nf8 27. h5 e5 28. g3 f5 29. hxg6 hxg6 30. Nc3 e4 31. Be2 Qe5 32. Bc4+ Kh8 33. Ne2 b5 34. Kg2 bxc4 35. Qxc4 Qe6 36. Qc2 Rab8 37. Nf4 Qf7 38. Nh3 Kg8 39. Ng5 Qd5 40. Qc1 Ne6 41. Qh1 Nxg5 42. Bxg5 e3+ 43. f3 Qd2+ 44. Kh3 Kf7 0-1

[Event "Asian Schools-ch U17 12th Blitz"]
[Site "Tehran"]
[Date "2016.07.16"]
[Round "6.2"]
[White "Sheykhali, Mohammadreza"]
[Black "Jacutina, John Merill"]
[Result "0-1"]
[WhiteElo "2146"]
[BlackElo "1898"]
[PlyCount "102"]
[EventDate "2016.07.16"]
[EventType "swiss"]
[EventRounds "9"]
[EventCountry "IRI"]
[SourceTitle "EXT 2024"]
[Source "ChessBase"]
[SourceDate "2023.10.10"]
[SourceVersion "1"]
[SourceVersionDate "2023.10.10"]
[SourceQuality "1"]

1. Nf3 d5 2. e3 c5 3. b3 Nc6 4. Bb2 Nf6 5. c4 d4 6. exd4 cxd4 7. d3 e5 8. Nbd2 Bd6 9. Be2 0-0 10. 0-0 Re8 11. Ng5 h6 12. Nge4 Nxe4 13. Nxe4 f5 14. Nxd6 Qxd6 15. Rc1 b6 16. Qc2 Bb7 17. Rfd1 Rad8 18. c5 Qd5 19. Qc4 Qxc4 20. Rxc4 b5 21. Rcc1 g6 22. f3 f4 23. a4 b4 24. g3 g5 25. h4 Ne7 26. hxg5 hxg5 27. g4 Bc6 28. a5 a6 29. Kf2 Kg7 30. Re1 Nd5 31. Rh1 Rh8 32. Rcg1 Rxh1 33. Rxh1 Rh8 34. Re1 Kf6 35. Bc1 Ke6 36. Bd2 Nc3 37. Bf1 Kd5 38. Kg1 Re8 39. Bxc3 bxc3 40. b4 Rb8 41. Rb1 c2 42. Rc1 Ba4 43. Kf2 Rxb4 44. Ke1 Kxc5 45. Kd2 Rb1 46. Be2 Rxc1 47. Kxc1 Kb4 48. Kb2 Kxa5 49. Bf1 Kb4 50. Be2 a5 51. Bf1 Bb3 0-1

[Event "Asian Schools U17 12th"]
[Site "Tehran"]
[Date "2016.07.14"]
[Round "6"]
[White "Omidi, Arya"]
[Black "Jacutina, John Merill"]
[Result "1-0"]
[WhiteElo "2142"]
[BlackElo "2055"]
[PlyCount "43"]
[EventDate "2016.07.11"]
[EventType "swiss"]
[EventRounds "9"]
[EventCountry "IRI"]
[SourceTitle "EXT 2017"]
[Source "ChessBase"]
[SourceDate "2016.10.25"]
[SourceVersion "1"]
[SourceVersionDate "2016.10.25"]
[SourceQuality "1"]

1. c4 c6 2. e4 d5 3. cxd5 cxd5 4. exd5 Nf6 5. Nc3 Nxd5 6. Nf3 Nc6 7. Bc4 Nb6 8. Bb3 Qd3 9. Bc2 Qd8 10. Bb3 e5 11. 0-0 Be7 12. h3 Bf5 13. Re1 f6 14. d4 Nxd4 15. Nxd4 Qxd4 16. Qxd4 exd4 17. Nb5 Rd8 18. Bd2 Nc8 19. Rac1 Kf8 20. Rc7 a6 21. Na7 Nxa7 22. Rexe7 1-0

[Event "World School-ch U15 11th"]
[Site "Pattaya"]
[Date "2015.05.12"]
[Round "7"]
[White "Jacutina, John Merill"]
[Black "Voinikonis, Nikita"]
[Result "1/2-1/2"]
[WhiteElo "2106"]
[BlackElo "1932"]
[PlyCount "53"]
[EventDate "2015.05.07"]
[EventType "swiss"]
[EventRounds "9"]
[EventCountry "THA"]
[SourceTitle "CBM 166 Extra"]
[Source "ChessBase"]
[SourceDate "2015.06.18"]
[SourceVersion "1"]
[SourceVersionDate "2015.06.18"]
[SourceQuality "1"]

1. d4 d5 2. c4 e6 3. Nf3 c6 4. Qc2 Nf6 5. g3 Be7 6. Bg2 0-0 7. 0-0 Nbd7 8. Nc3 dxc4 9. a4 c5 10. Rd1 Qb6 11. a5 Qa6 12. e4 Ne8 13. e5 cxd4 14. Rxd4 Nc5 15. Bg5 f6 16. exf6 Nxf6 17. Bf1 b5 18. Rh4 Nd3 19. Bxd3 cxd3 20. Qxd3 b4 21. Nb5 Rb8 22. Bxf6 Bxf6 23. Qxh7+ Kf7 24. Qh5+ Kg8 25. Qh7+ Kf7 26. Qh5+ Kg8 27. Qh7+ 1/2-1/2

[Event "World School-ch U15 11th"]
[Site "Pattaya"]
[Date "2015.05.07"]
[Round "1"]
[White "Jacutina, John Merill"]
[Black "Oh, Benjamin Yao Teng"]
[Result "1-0"]
[WhiteElo "2106"]
[BlackElo "1710"]
[PlyCount "59"]
[EventDate "2015.05.07"]
[EventType "swiss"]
[EventRounds "9"]
[EventCountry "THA"]
[SourceTitle "CBM 166 Extra"]
[Source "ChessBase"]
[SourceDate "2015.06.18"]
[SourceVersion "1"]
[SourceVersionDate "2015.06.18"]
[SourceQuality "1"]

1. d4 d5 2. c4 e6 3. Nf3 Nf6 4. g3 Be7 5. Bg2 0-0 6. 0-0 Nbd7 7. Qc2 b6 8. cxd5 exd5 9. Bf4 c5 10. Nc3 Bb7 11. Rfd1 Rc8 12. Qf5 g6 13. Qh3 Ne4 14. Nxe4 dxe4 15. Ne5 Nxe5 16. dxe5 Qe8 17. Bh6 Rc7 18. Bxf8 Bxf8 19. Qh4 Qxe5 20. Qf4 Qxf4 21. gxf4 Bh6 22. Rd8+ Kg7 23. e3 c4 24. Rc1 b5 25. a4 bxa4 26. Bf1 g5 27. f5 Kf6 28. Rd6+ Kg7 29. Rxc4 Rxc4 30. Bxc4 1-0

[Event "Asia-ch U20"]
[Site "Tagaytay City"]
[Date "2014.11.29"]
[Round "1"]
[White "Garcia, Jan Emmanuel"]
[Black "Jacutina, John Merill"]
[Result "1-0"]
[WhiteElo "2396"]
[BlackElo "1947"]
[PlyCount "51"]
[EventDate "2014.11.29"]
[EventType "swiss"]
[EventRounds "9"]
[EventCountry "PHI"]
[SourceTitle "EXT 2016"]
[Source "ChessBase"]
[SourceDate "2015.10.08"]
[SourceVersion "1"]
[SourceVersionDate "2015.10.08"]
[SourceQuality "1"]

1. d4 Nf6 2. c4 e6 3. g3 c5 4. Nf3 b6 5. Bg2 Bb7 6. Nc3 d6 7. d5 exd5 8. Nh4 Nbd7 9. 0-0 Be7 10. Nf5 0-0 11. Bf4 Ne5 12. Nxd5 Nxd5 13. Bxd5 Qc7 14. Bxb7 Qxb7 15. Qd5 Qc7 16. Rad1 Rad8 17. Bxe5 dxe5 18. Qc6 Rc8 19. Rd7 Qxc6 20. Nxe7+ Kh8 21. Nxc6 Rxc6 22. Rfd1 a5 23. Rxf7 Rg8 24. Re7 h6 25. Rdd7 Rg6 26. Rxe5 1-0

[Event "ASEAN-ch U14 15th"]
[Site "Taipa"]
[Date "2014.06.07"]
[Round "6"]
[White "Jacutina, John Merill"]
[Black "Zou, Chen"]
[Result "1/2-1/2"]
[WhiteElo "1945"]
[BlackElo "2072"]
[PlyCount "69"]
[EventDate "2014.06.04"]
[EventType "swiss"]
[EventRounds "9"]
[EventCountry "MAC"]
[SourceTitle "CBM 160 Extra"]
[Source "ChessBase"]
[SourceDate "2014.07.01"]
[SourceVersion "1"]
[SourceVersionDate "2014.07.01"]
[SourceQuality "1"]

1. Nf3 Nf6 2. c4 e6 3. g3 b6 4. Bg2 Bb7 5. 0-0 Be7 6. b3 0-0 7. Bb2 d5 8. e3 Nbd7 9. Nc3 Nc5 10. d4 Nce4 11. Nxe4 Nxe4 12. Nd2 Nd6 13. Rc1 dxc4 14. Bxb7 Nxb7 15. Qf3 Nd6 16. Nxc4 Bf6 17. Rfd1 Nxc4 18. Rxc4 Qe7 19. Rdc1 Rac8 20. Qb7 c5 21. Qxe7 Bxe7 22. Ba3 a5 23. dxc5 Rc6 24. Kg2 h6 25. b4 axb4 26. Bxb4 bxc5 27. Kf3 Ra8 28. a3 Ra4 29. R4c3 cxb4 30. Rxc6 bxa3 31. Ra1 Bf6 32. Ra2 Bb2 33. Rb6 Kh7 34. Raxb2 axb2 35. Rxb2 1/2-1/2